| 000 | 00387nam a2200133 a 4500 | ||
|---|---|---|---|
| 001 | 000026355 | ||
| 005 | 20200930024525.0 | ||
| 008 | 110315s19uu dr 000 0 spa d | ||
| 040 |
_aDO-SdBNP _bspa _cBNPHU |
||
| 245 | 0 | 0 | _aLibros Dominicanos /. |
| 260 |
_aCiudad Trujillo, República Dominicana : _bEditorial Librería Dominicana, _c[198-?]. |
||
| 300 |
_a46 P. ; _c21 cm. |
||
| 049 | _aBNPD | ||
| 999 |
_c25847 _d25847 |
||